Central Library OPAC University of Rajshahi

উদ্ভিদবিদ্যা শব্দকোষ / (Record no. 49828)

MARC details
000 -LEADER
fixed length control field 00841nam a22002177a 4500
001 - CONTROL NUMBER
control field 49828
003 - CONTROL NUMBER IDENTIFIER
rucl marc code BD-RjUL
005 - DATE AND TIME OF LATEST TRANSACTION
control field 20211209054732.0
008 - FIXED-LENGTH DATA ELEMENTS--GENERAL INFORMATION
fixed length control field 160822s1986 bg ||||| |||| 00| 0 ben d
035 ## - SYSTEM CONTROL NUMBER
System control number (BD-RjUL)49948
040 ## - CATALOGING SOURCE
Original cataloging agency BD-RjUL
Language of cataloging ben
Transcribing agency BD-RjUL
041 ## - LANGUAGE CODE
Language code of text/sound track or separate title ben
082 ## - DEWEY DECIMAL CLASSIFICATION NUMBER
Edition number 23
Classification number 580.3
Author mark and year AHU 1986
100 ## - MAIN ENTRY--PERSONAL NAME
Personal name আহমেদ, সামসুদ্দিন
9 (RLIN) 149349
245 10 - TITLE STATEMENT
Title উদ্ভিদবিদ্যা শব্দকোষ /
Statement of responsibility, etc. সামসুদ্দিন আহমেদ
260 ## - PUBLICATION, DISTRIBUTION, ETC. (IMPRINT)
Place of publication, distribution, etc. ঢাকা :
Name of publisher, distributor, etc. বাংলা একাডেমী,
Date of publication, distribution, etc. ১৯৮৬ [১৩৯৩]
300 ## - PHYSICAL DESCRIPTION
Pagination ৪২৭ পৃ. :
Illustrations চিত্র ;
Size ২১ সেমি.
650 ## - SUBJECT ADDED ENTRY--TOPICAL TERM
Topical term or geographic name as entry element উদ্ভিদবিজ্ঞান
Form subdivision অভিধান
9 (RLIN) 178497
Topical term or geographic name as entry element Botany
Form subdivision Dictionaries
9 (RLIN) 178498
942 ## - ADDED ENTRY ELEMENTS (KOHA)
Source of classification or shelving scheme Dewey Decimal Classification
Koha item type Reference
Holdings
Lost status Source of classification or shelving scheme Damaged status Not for loan Collection code Permanent Location Current Location Shelving location Date acquired Source of acquisition Cost, normal purchase price Total Checkouts Full call number Date last seen Copy number Koha item type
  Dewey Decimal Classification   Not For Loan Reference Central Library, University of Rajshahi Central Library, University of Rajshahi   26/10/1987 Bangla Academy, Dhaka 125.00   BR 580.3 AHU 1986 22/08/2016 C-1 Reference